Normal view
MARC view
Entry Topical Term
001 - CONTROL NUMBER
- control field: 8402
003 - CONTROL NUMBER IDENTIFIER
- control field: HDC
005 - DATE AND TIME OF LATEST TRANSACTION
- control field: 20230624073259.0
008 - FIXED-LENGTH DATA ELEMENTS
- fixed length control field: 210129|| aca||aabn | a|a d
040 ## - CATALOGING SOURCE
- Original cataloging agency: HDC
- Transcribing agency: HDC
150 ## - HEADING--TOPICAL TERM
- Topical term or geographic name entry element: Bilateral trade
- Geographic subdivision: Malaysia
- Geographic subdivision: India
670 ## - SOURCE DATA FOUND
- Source citation: Work cat.: (HDC): Kadir Dikoh author 8401, Malaysia - India Sasar Dagangan RM62 Billion / Oleh, 2012
